[Event "EU-ch U10 Girls 27th"]
[Site "Mamaia"]
[Date "2017.09.05"]
[Round "1"]
[White "Bonciu, Sabina"]
[Black "Von Beckh, Frieda"]
[Result "0-1"]
[WhiteElo "1103"]
[BlackElo "1368"]
[PlyCount "112"]
[EventDate "2017.09.05"]
[EventType "swiss"]
[EventRounds "9"]
[EventCountry "ROU"]
[SourceTitle "CBM 180 Extra"]
[Source "ChessBase"]
[SourceDate "2017.10.06"]
[SourceVersion "1"]
[SourceVersionDate "2017.10.06"]
[SourceQuality "1"]

1. e4 d5 2. exd5 Nf6 3. d4 Bg4 4. Bb5+ c6 5. dxc6 bxc6 6. Be2 Bxe2 7. Nxe2 e6 8. c4 Be7 9. Nbc3 0-0 10. 0-0 Qc7 11. Bf4 Qb7 12. Rb1 Rd8 13. Qc2 Qa6 14. Qa4 Qxa4 15. Nxa4 Bd6 16. Bg5 Nbd7 17. c5 Be7 18. b4 Rab8 19. a3 e5 20. Rfd1 exd4 21. Nxd4 Ne5 22. Bf4 Nfd7 23. Nc3 Bf6 24. Ne4 Bh4 25. g3 Be7 26. Bxe5 Nxe5 27. f4 Rxd4 28. fxe5 Rxe4 29. Re1 Rxe1+ 30. Rxe1 Bg5 31. h4 Bd2 32. Rd1 Rd8 33. Kf2 Be3+ 34. Ke2 Rxd1 35. Kxd1 Bf2 36. a4 Bxg3 37. b5 cxb5 38. axb5 Bxe5 39. c6 Kf8 40. Kd2 Ke7 41. Kd3 Kd6 42. Kc4 f5 43. c7 Kxc7 44. Kd5 f4 45. Ke4 Bd6 46. Kd3 Bc5 47. Ke4 Be3 48. Kf3 Kb6 49. Kg4 Kxb5 50. Kf3 a5 51. Ke2 a4 52. Kd3 a3 53. Kc2 f3 54. Kb3 f2 55. Kxa3 f1Q 56. Ka2 Qc4+ 0-1

[Event "ROM-ch U10 Girls"]
[Site "Baile Felix"]
[Date "2017.02.04"]
[Round "3"]
[White "Celea, Andreea Alina"]
[Black "Bonciu, Sabina"]
[Result "0-1"]
[WhiteElo "1008"]
[BlackElo "1100"]
[PlyCount "52"]
[EventDate "2017.02.02"]
[EventType "swiss"]
[EventRounds "9"]
[EventCountry "ROU"]
[SourceTitle "CBM 176 Extra"]
[Source "ChessBase"]
[SourceDate "2017.03.02"]
[SourceVersion "1"]
[SourceVersionDate "2017.03.02"]
[SourceQuality "1"]

1. e4 e5 2. d4 exd4 3. c3 dxc3 4. Bc4 Nf6 5. Nxc3 Bc5 6. Nge2 Nc6 7. 0-0 0-0 8. Bg5 h6 9. Bh4 Be7 10. f4 Bc5+ 11. Kh1 Be7 12. e5 Ng4 13. Bxe7 Nxe7 14. Rf3 Nf5 15. Qe1 Nfe3 16. Bb3 Nf5 17. h3 Nge3 18. g4 Nxg4 19. hxg4 Ne7 20. Rd1 b6 21. Rh3 d6 22. Qg3 Bb7+ 23. Kh2 Qd7 24. f5 Qc6 25. exd6 cxd6 26. Rd4 Qh1# 0-1

[Event "ROM-ch U10 Girls"]
[Site "Calimanesti Caciulata"]
[Date "2016.04.21"]
[Round "4"]
[White "Bonciu, Sabina"]
[Black "Petculescu, Diana Silvana"]
[Result "0-1"]
[WhiteElo "1001"]
[BlackElo "1039"]
[PlyCount "30"]
[EventDate "2016.04.18"]
[EventType "swiss"]
[EventRounds "9"]
[EventCountry "ROU"]
[SourceTitle "CBM 172 Extra"]
[Source "ChessBase"]
[SourceDate "2016.06.21"]
[SourceVersion "1"]
[SourceVersionDate "2016.06.21"]
[SourceQuality "1"]

1. e4 c5 2. Nf3 d6 3. Nc3 a6 4. a3 Qc7 5. Nd5 Qc6 6. a4 e6 7. Nc3 b6 8. a5 Nd7 9. d4 Bb7 10. Bd3 Be7 11. Be3 Ngf6 12. 0-0 0-0 13. e5 dxe5 14. dxe5 Nxe5 15. Nxe5 Qxg2# 0-1

[Event "ROM-ch U10 Girls"]
[Site "Calimanesti Caciulata"]
[Date "2016.04.18"]
[Round "1"]
[White "Trofin, Daria"]
[Black "Bonciu, Sabina"]
[Result "0-1"]
[WhiteElo "1110"]
[BlackElo "1001"]
[PlyCount "150"]
[EventDate "2016.04.18"]
[EventType "swiss"]
[EventRounds "9"]
[EventCountry "ROU"]
[SourceTitle "CBM 172 Extra"]
[Source "ChessBase"]
[SourceDate "2016.06.21"]
[SourceVersion "1"]
[SourceVersionDate "2016.06.21"]
[SourceQuality "1"]

1. d4 d5 2. c4 Nf6 3. Nc3 Be6 4. Bg5 dxc4 5. e3 Nc6 6. Nf3 Nd5 7. Bxc4 a6 8. e4 Nxc3 9. bxc3 Bxc4 10. d5 Na7 11. Qa4+ b5 12. Qxa6 Qc8 13. Qxc8+ Rxc8 14. Be3 c5 15. Nd2 Bd3 16. Nb3 e6 17. Rd1 Bxe4 18. d6 Bc2 19. d7+ Ke7 20. Bxc5+ Kf6 21. Bd4+ Ke7 22. dxc8Q Nxc8 23. Rd2 Bb1 24. Bc5+ Ke8 25. Bxf8 Rxf8 26. a3 Bg6 27. 0-0 Ke7 28. Rfd1 Nb6 29. Nc5 Bf5 30. Nd7 Nc4 31. Nxf8 Nxd2 32. Rxd2 Kxf8 33. Rd8+ Ke7 34. Rb8 Bd3 35. Ra8 Kd7 36. a4 Kc7 37. a5 Kb7 38. Rd8 Be4 39. Rd7+ Ka6 40. Rxf7 Kxa5 41. Rxg7 Ka4 42. Re7 Bf5 43. Rc7 Kb3 44. Kf1 Bd3+ 45. Ke1 Kc2 46. g4 h6 47. Re7 Bc4 48. Rd7 Kxc3 49. Rd2 Bb3 50. Ke2 Bc4+ 51. Kd1 Bb3+ 52. Kc1 b4 53. Rb2 e5 54. h4 e4 55. g5 hxg5 56. hxg5 Ba4 57. g6 Bb3 58. g7 Bf7 59. Rc2+ Kd3 60. Rb2 Kc3 61. Re2 Kd3 62. Kd1 Kc3 63. Kc1 Bc4 64. Rb2 Kd3 65. Rd2+ Kc3 66. f4 e3 67. Rd1 e2 68. Re1 b3 69. f5 b2+ 70. Kb1 Bd3+ 71. Ka2 b1Q+ 72. Rxb1 Bxb1+ 73. Kxb1 e1Q+ 74. Ka2 Qe2+ 75. Ka3 Qa6# 0-1